| 000 | 00457nam a2200169 4500 | ||
|---|---|---|---|
| 001 | 112555 | ||
| 003 | ES-MaACL | ||
| 005 | 20230906185546.0 | ||
| 007 | t| | ||
| 008 | 061121s1947 sp r ||||1| spa d | ||
| 080 | _a86-14"19" | ||
| 100 | 1 |
_aNovais Tomé, José Antonio. _986052 |
|
| 245 | 1 | 0 |
_aNocturnos / _cJosé Antonio Novais Tomé. |
| 260 |
_aMadrid : _b[s. n.], _c1947 ( _fGráf. Valera) |
||
| 300 |
_a88 p. ; _c19 cm. |
||
| 852 |
_aES-MaACL _jC-4559 |
||
| 999 |
_c112555 _d112555 |
||